000 00467cam a2200193 4500
001 D6869
008 090401t1985 xxu||||| |||| 00| 0 eng d
035 _a(Sirsi) u3666
041 _aeng
050 _a526.6
100 _aMackie, J.B.
245 4 _aThe elements of astronomy for surveyors
250 _a9th
260 _aHigh Wycombe
_bCharles Griffin & Co Ltd
_c1985
300 _axiv. 407p. ill. 24cm
350 _a16.5
942 _n0
948 _c04/03/1997
999 _c85917
_d85917